Fixed point theory and its applications : proceedings of a Conference held at the International Congress of Mathematicians, August 4-6, 1986
Αποθηκεύτηκε σε:
| Συλλογικό Έργο: | , |
|---|---|
| Άλλοι συγγραφείς: | |
| Μορφή: | Πρακτικό Συνεδρίου Βιβλίο |
| Γλώσσα: | English |
| Δημοσίευση: |
American Mathematical Society :
Providence, R.I.,
c1988.
|
| Σειρά: | Contemporary mathematics (American Mathematical Society) ;
72 |
| Θέματα: | |
| Ετικέτες: |
Προσθήκη ετικέτας
Δεν υπάρχουν, Καταχωρήστε ετικέτα πρώτοι!
|
MARC
| LEADER | 00000cam a2200000 i 4500 | ||
|---|---|---|---|
| 001 | 1/89766 | ||
| 008 | 990914s1986 riu| ||| |||| ||eng|| | ||
| 020 | |a 0821850806 | ||
| 035 | |l 10052876 | ||
| 040 | |a GR-MyUa |b gre |e AACR2 | ||
| 041 | 0 | |a eng | |
| 082 | 7 | |a 515.7248 |2 (22) | |
| 111 | 2 | |a Conference on Fixed Point Theory |d (1986 : |c University of California, Berkeley) | |
| 245 | 1 | 0 | |a Fixed point theory and its applications : |b proceedings of a Conference held at the International Congress of Mathematicians, August 4-6, 1986 / |c R.F. Brown, editor. |
| 260 | |a American Mathematical Society : |b Providence, R.I., |c c1988. | ||
| 300 | |a x, 268 σ. : |b εικ. ; |c 26 εκ. | ||
| 490 | 1 | |a (Contemporary mathematics ; |v 72) | |
| 504 | |a Περιλαμβάνει βιβλιογραφικές παραπομπές. | ||
| 650 | 0 | |a Fixed point theory |x Congresses. | |
| 700 | 1 | |a Brown, Robert F., |d 1935- |e edt | |
| 711 | 2 | |a International Congress of Mathematicians |d (1986 : |c University of California, Berkeley) | |
| 830 | 0 | |a Contemporary mathematics (American Mathematical Society) ; |v 72 | |
| 852 | |a INST |b SAMOS |e 19990914 |h 515.7248 CON |p 005300012287 |q 005300012287 |t BK |y 0 | ||
| 852 | |a INST |b SYROS |e 20200108 |h 515.7248 CON |p 005500013911 |q 005500013911 |t BK |y 0 | ||
| 901 | |a BIBL3-1999-3 | ||
| 922 | |a 3ΕΛΗ |b 199907 |c ΕΠΕΑΕΚ/ΜΑΘ |d Παπασωτηρίου | ||
| 970 | |a Γενούζου |b Χρυσάνθη |z 14/09/1999 | ||